Participation by Fund Staff In Anti-Money Laundering/Combating The Financing Of Terrorism Assessments by Other Assessor Bodies.

The Fund's Anti-Money Laundering/Combating the Financing of Terrorism (AML/CFT) Strategy was most recently reviewed by the Executive Board in November 2018. In addition, during the Board discussion of the 2018 review, a number of Directors felt strongly that Fund staff should participate in ass...

Full description

Bibliographic Details
Corporate Author: International Monetary Fund. Legal Dept
Format: Journal
Language:English
Published: Washington, D.C. : International Monetary Fund, 2020.
Series:Policy Papers; Policy Paper ; No. 2020/011
Subjects:
Online Access:Full text available on IMF
LEADER 01608cas a2200301 a 4500
001 AALejournalIMF016256
008 230101c9999 xx r poo 0 0eng d
020 |c 5.00 USD 
020 |z 9781513530758 
022 |a 2663-3493 
040 |a BD-DhAAL  |c BD-DhAAL 
110 2 |a International Monetary Fund.  |b Legal Dept. 
245 1 0 |a Participation by Fund Staff In Anti-Money Laundering/Combating The Financing Of Terrorism Assessments by Other Assessor Bodies. 
264 1 |a Washington, D.C. :  |b International Monetary Fund,  |c 2020. 
300 |a 1 online resource (12 pages) 
490 1 |a Policy Papers 
500 |a <strong>Off-Campus Access:</strong> No User ID or Password Required 
500 |a <strong>On-Campus Access:</strong> No User ID or Password Required 
506 |a Electronic access restricted to authorized BRAC University faculty, staff and students 
520 3 |a The Fund's Anti-Money Laundering/Combating the Financing of Terrorism (AML/CFT) Strategy was most recently reviewed by the Executive Board in November 2018. In addition, during the Board discussion of the 2018 review, a number of Directors felt strongly that Fund staff should participate in assessments led by other AML/CFT assessor bodies, on an exceptional basis. 
538 |a Mode of access: Internet 
650 7 |a CFT Policy  |2 imf 
650 7 |a Fund Staff  |2 imf 
650 7 |a Fund  |2 imf 
650 7 |a PP  |2 imf 
650 7 |a Staff  |2 imf 
830 0 |a Policy Papers; Policy Paper ;  |v No. 2020/011 
856 4 0 |z Full text available on IMF  |u http://elibrary.imf.org/view/journals/007/2020/011/007.2020.issue-011-en.xml  |z IMF e-Library